00836nam a2200229Ii 45000010005000000030009000050080041000140200015000550400033000700410008001030820016001111000028001272450080001552640075002353000012003103360026003223370028003483380027003769400050004039990017004539520136004702344CO-ViMGA241108s9999||||xx |||||||||||||| ||und|| a9583342181 aCO-ViMGAbspaerdacCO-ViMGA0 aspa04a658.15 C78f1 aJuan Sergio Cruz94925610aFinanzas corporativas:bvaloración, política de financiamiento y riesgo 1aBogotá, Colombia : Thomson, [Fecha de publicación no identificada] avolumen atextbtxt2rdacontent aunmediatedbn2rdamedia avolumebnc2rdacarrier aidficha_siabuc: 2296. -- ficha_no_siabuc:2344 c43899d43899 001040708001aMEVIGERRbMEVIGERRcGENd2006-02-14o658.15 C78fpECA16703r2024-11-26 09:16:53tEj.1w2024-11-26yBKz2296 | 2741